| 000 | 00419nam a2200157Ia 4500 | ||
|---|---|---|---|
| 008 | 150909s9999 xx 000 0 und d | ||
| 041 | _aEnglish | ||
| 082 | _bRR/2 | ||
| 100 | _aMinistry of irrigation and power | ||
| 100 | _eCompiler | ||
| 245 | _aReport of the irrigation commission 1972 Vol. II | ||
| 260 | _aNew Delhi | ||
| 260 | _bMinistry of irrigation and power | ||
| 650 | _aAgriculture | ||
| 942 | _cBK | ||
| 999 |
_c252470 _d252470 |
||